Prarambhik Siksha (H. S. 2nd Yr.) (Record no. 2031)

MARC details
000 -LEADER
fixed length control field 00548cam a2200205ua 4500
008 - FIXED-LENGTH DATA ELEMENTS--GENERAL INFORMATION
fixed length control field 110804n ii |||gr||||Z||||||asm
040 ## - CATALOGING SOURCE
Transcribing agency MAIN
082 ## - DEWEY DECIMAL CLASSIFICATION NUMBER
Classification number 370
100 ## - MAIN ENTRY--PERSONAL NAME
Personal name Gogoi, Prabhat Chandra,
Relator term
245 1# - TITLE STATEMENT
Title Prarambhik Siksha (H. S. 2nd Yr.)
Statement of responsibility, etc. by Prabhat chandra Gogoi
250 ## - EDITION STATEMENT
Edition statement 1st.
260 ## - PUBLICATION, DISTRIBUTION, ETC.
Place of publication, distribution, etc. Guahati:
Name of publisher, distributor, etc. Assam book depot,999.
300 ## - PHYSICAL DESCRIPTION
Extent 140p:
Other physical details ill;
Dimensions 23cm.
700 ## - ADDED ENTRY--PERSONAL NAME
Personal name Deka, Kandarpa Kr.,
Relator term
700 ## - ADDED ENTRY--PERSONAL NAME
Personal name Deka, Birendra ,
942 ## - ADDED ENTRY ELEMENTS (KOHA)
Koha item type Books
653 ## - INDEX TERM--UNCONTROLLED
Uncontrolled term Education
653 ## - INDEX TERM--UNCONTROLLED
Uncontrolled term Prarambhik Siksha
Holdings
Withdrawn status Lost status Damaged status Not for loan Home library Current library Shelving location Date acquired Total Checkouts Full call number Barcode Date last seen Copy number Price effective from Koha item type
        Central Library, Naharkatiya College Central Library, Naharkatiya College General Stacks 19/09/2020   370 | GOG 11545 19/09/2020 1 19/09/2020 Books

Naharkatiya College © 2020. All rights reserved.

Powered By